The law governing parent-child relationship in Singapore /
محفوظ في:
| المؤلف الرئيسي: | |
|---|---|
| التنسيق: | أطروحة كتاب |
| اللغة: | English |
| منشور في: |
1979.
|
| الموضوعات: | |
| الوسوم: |
إضافة وسم
لا توجد وسوم, كن أول من يضع وسما على هذه التسجيلة!
|
| LEADER | 00867cam a2200277 a 4500 | ||
|---|---|---|---|
| 001 | u342197 | ||
| 003 | SIRSI | ||
| 008 | 850713s1979 si v 00 1 eng m | ||
| 035 | |a ABR-0071 | ||
| 040 | |a UMU | ||
| 043 | |a a-si--- | ||
| 092 | |a K668 |b Kho |d CS | ||
| 100 | 1 | 0 | |a Khoo, Oon Soo. |
| 245 | 1 | 4 | |a The law governing parent-child relationship in Singapore / |c Khoo Oon Soo. |
| 260 | |c 1979. | ||
| 300 | |a xxiv, 239 leaves ; |c 30 cm. | ||
| 500 | |a Photocopy. | ||
| 500 | |a PUUR. | ||
| 502 | |a Dissertation (LL.M) -- University of Singapore, 1979. | ||
| 504 | |a Bibliography: leaf 239. | ||
| 650 | 0 | |a Parent and child (Law) |z Singapore. | |
| 650 | 0 | |a Family law |z Singapore. | |
| 710 | 2 | 0 | |a University of Singapore. |
| 948 | |a 05/12/1993 |b 06/08/2004 | ||
| 596 | |a 4 | ||
| 999 | |a K668 KHO |w LACLL |c 1 |i A503472068 |d 23/3/2018 |e 23/3/2018 |l RESTRICTED |m P04UNDANG |n 1 |r N |s Y |t TESIS |u 4/7/1994 | ||
